000 00226nam a2200097Ia 4500
008 190216s9999||||xx |||||||||||||| ||und||
100 _aRamakrishna Pillai
245 0 _aSampil Survey
260 _bKerala Basha Inst
942 _cBK
999 _c37714
_d37714